| 000 | 00434cam a2200181ua 4500 | ||
|---|---|---|---|
| 001 | 10652 | ||
| 008 | 190323n ii |||gr||||Z||||||eng | ||
| 020 | _a9788121918015 | ||
| 040 | _cMAIN | ||
| 082 | _a338.04 | ||
| 100 |
_aS S Khanka, _eAuthor. |
||
| 245 | _aEntrepreneurial development | ||
| 250 | _a1st rep. | ||
| 260 |
_aNew Delhi: _bS chand and company limited, _c2017. |
||
| 300 | _a794p. | ||
| 653 | _aProduction | ||
| 942 | _cBK | ||
| 999 |
_c9623 _d9623 |
||